Del fisicalismo a la gestión del riesgo: la urgencia del diálogo comunitario e institucional en el abordaje de los desastres /

Shranjeno v:
Bibliografske podrobnosti
Glavni avtor: Jimena Escalante Meza, Jimena
Drugi avtorji: Hilje Matamoros, Walter
Format: Texto
Oznake: Označite
Brez oznak, prvi označite!

MARC

LEADER 00000 a a2200000 04500
001 42710
003
040
100 |a Jimena Escalante Meza, Jimena  
245 |a Del fisicalismo a la gestión del riesgo:   |b la urgencia del diálogo comunitario e institucional en el abordaje de los desastres /  |c Jimena Escalante Meza ; Walter Hilje Matamoros  
700 |a Hilje Matamoros, Walter  
773 |g volumen4, número1 ( , 2009), 14 páginas  
999 |c 27517  |d 27517